000 01805nam a2200373 a 4500
001 000045359
003 DO-SdBPM
005 20260128084316.0
007 ta
008 150305s2014 dr a 000 0 spa d
020 _a9789945895414
040 _aDO-SdBPM
_bspa
_cBPMSU
_drda
082 4 _a781.62098
_bC749f 2014
_222
111 2 _aCongreso Internacional de Música, Identidad y Cultura en el Caribe
_n(5. :
_d2013 :
_cSantiago de los Caballeros, República Dominicana)
245 1 3 _aEl Folclore musical y danzario del Caribe en tiempos de globalización :
_bmemorias del V Congreso Internacional de Música, Identidad y Cultura en el Caribe /
_ceditores, Darío Tejeda, Rafael Emilio Yunén.
264 _aSanto Domingo :
_bInstituto de Estudios Caribeños,
_bCentro León; Ministerio de Cultura,
_c2014
300 _a626 páginas :
_bilustraciones., retratos.
_c25 cm.
336 _atexto
_btxt
_2rdacontent
337 _asin mediación
_bn
_2rdamedia
338 _avolumen
_bnc
_2rdacarrier
500 _aIncluye referencias bibliográficas y notas al pie de las páginas.
590 _aInventariado, 2026/VM
650 7 _aCultura
_zCaribe (Región)
_vCongresos, conferencias, etc.
650 7 _aFolclore
_zCaribe (Región)
_vCongresos, conferencias, etc.
650 7 _aMúsica folclórica
_zCaribe (Región)
_vCongresos, conferencias, etc.
650 7 _aDanzas populares y nacionales
_zCaribe (Región)
_vCongresos, conferencias, etc.
700 1 _aTejeda, Darío
_eeditor
700 1 _aYunén, Rafael Emilio
_d1952-
_eeditor
710 2 _aInstituto de Estudios Caribeños (Santo Domingo, República Dominicana)
710 2 _aCentro Cultural Eduardo León Jimenes
710 1 _aRepública Dominicana.
_bMinisterio de Cultura
910 _aVMateo V. Control de calidad BPMSU
942 _2ddc
_cBK
999 _c15633
_d15633